[Event "Titled Tuesday intern op 25th Feb Early"]
[Site "Chess.com INT"]
[Date "2025.02.25"]
[Round "1"]
[White "Ajay Santhosh, Parvathareddy"]
[Black "Bueno, Alfeu Varela Jr"]
[Result "1-0"]
[WhiteElo "2245"]
[BlackElo "2171"]
[PlyCount "105"]
[EventDate "2025.02.25"]
[EventType "swiss (blitz)"]
[EventRounds "11"]
[EventCountry "USA"]
[SourceTitle "CB10_2025"]
[SourceDate "2025.03.05"]
[SourceVersion "1"]
[SourceVersionDate "2025.03.05"]
[SourceQuality "1"]

1. d4 e6 2. e4 d5 3. Nc3 Nf6 4. e5 Nfd7 5. f4 c5 6. Nf3 Nc6 7. Be3 cxd4 8. Nxd4 Bc5 9. Qd2 0-0 10. 0-0-0 a6 11. f5 Nxd4 12. Bxd4 Bxd4 13. Qxd4 Qg5+ 14. Kb1 Qxf5 15. Re1 f6 16. Bd3 Qh5 17. exf6 Nxf6 18. Na4 e5 19. Rxe5 Qg4 20. Qxg4 Bxg4 21. Nb6 Rae8 22. Rhe1 Kf7 23. b3 Rxe5 24. Rxe5 Re8 25. Rxe8 Kxe8 26. Kb2 d4 27. Na4 Nd7 28. Bxh7 b5 29. Bg6+ Ke7 30. Bd3 bxa4 31. Bxa6 Kd6 32. b4 Be6 33. h4 Nb6 34. Be2 Nc4+ 35. Kc1 a3 36. g4 Ne3 37. g5 Bxa2 38. h5 Bd5 39. Bd3 Bc4 40. h6 Bg8 41. h7 Bxh7 42. Bxh7 Nd5 43. b5 Nc3 44. Bd3 Kc5 45. g6 Nxb5 46. Kb1 Nc3+ 47. Ka1 Kb4 48. Bf5 Na4 49. Bd3 Nc5 50. Bf5 Na4 51. Ka2 Nc3+ 52. Ka1 Nd5 53. Be6 1-0

[Event "Titled Tuesday intern op 25th Feb Early"]
[Site "Chess.com INT"]
[Date "2025.02.25"]
[Round "4"]
[White "Ajay Santhosh, Parvathareddy"]
[Black "Grandelius, Nils"]
[Result "0-1"]
[WhiteElo "2245"]
[BlackElo "2644"]
[PlyCount "116"]
[EventDate "2025.02.25"]
[EventType "swiss (blitz)"]
[EventRounds "11"]
[EventCountry "USA"]
[SourceTitle "CB10_2025"]
[SourceDate "2025.03.05"]
[SourceVersion "1"]
[SourceVersionDate "2025.03.05"]
[SourceQuality "1"]

1. d4 d5 2. c4 e6 3. Nf3 a6 4. cxd5 exd5 5. Nc3 Nc6 6. Bg5 Be7 7. Bxe7 Ncxe7 8. e3 Nf6 9. Bd3 Bf5 10. 0-0 0-0 11. Rc1 c6 12. b4 Bxd3 13. Qxd3 Nc8 14. a4 Nd6 15. Ne5 Re8 16. b5 cxb5 17. axb5 a5 18. Na4 Rc8 19. Rxc8 Qxc8 20. Qd2 Qa8 21. Ra1 Nfe4 22. Qa2 Nxb5 23. Qxd5 Ned6 24. Nxf7 Nxf7 25. Qxb5 Nd6 26. Qd5+ Nf7 27. Nb6 Qa6 28. Qxa5 Qe2 29. Qa2 Qh5 30. Nc4 Qd5 31. Nd2 Qd7 32. Nf3 Re6 33. Qb3 h6 34. Rb1 b6 35. Qc2 Kh8 36. Ra1 Qd5 37. h3 Rf6 38. e4 Qh5 39. Ra8+ Kh7 40. e5+ Rg6 41. e6 Ng5 42. Ne5 Nxh3+ 43. Kf1 Nf4 44. Ke1 Qh1+ 45. Kd2 Qxg2 46. Nxg6 Qxf2+ 47. Kc3 Qe3+ 48. Kb2 Qxd4+ 49. Ka2 Nxg6 50. e7 Qd5+ 51. Kb1 Qxa8 52. Qc7 Qe4+ 53. Kb2 Qxe7 54. Qxb6 Qf6+ 55. Qxf6 gxf6 56. Kc3 h5 57. Kd3 Kh6 58. Ke3 Kg5 0-1

[Event "Titled Tuesday intern op 25th Feb Early"]
[Site "Chess.com INT"]
[Date "2025.02.25"]
[Round "10"]
[White "Ajay Santhosh, Parvathareddy"]
[Black "Gyenes, Mate"]
[Result "1-0"]
[WhiteElo "2245"]
[BlackElo "2235"]
[PlyCount "107"]
[EventDate "2025.02.25"]
[EventType "swiss (blitz)"]
[EventRounds "11"]
[EventCountry "USA"]
[SourceTitle "CB10_2025"]
[SourceDate "2025.03.05"]
[SourceVersion "1"]
[SourceVersionDate "2025.03.05"]
[SourceQuality "1"]

1. d4 Nf6 2. c4 e6 3. g3 d5 4. Bg2 c6 5. Nf3 Nbd7 6. 0-0 Bd6 7. Nc3 0-0 8. Nd2 b6 9. e4 dxe4 10. Ndxe4 Nxe4 11. Nxe4 Be7 12. Qc2 Bb7 13. Rd1 Nf6 14. Nxf6+ Bxf6 15. Be3 Qc7 16. c5 b5 17. a4 a6 18. b4 Rfd8 19. Bf4 Qe7 20. Bd6 Qe8 21. f4 Be7 22. Bc7 Rd7 23. Bb6 Bf6 24. Qf2 Bd8 25. a5 Bf6 26. Ra3 g6 27. Rad3 Qf8 28. Bf3 Qg7 29. g4 h5 30. g5 Be7 31. Qg2 Rc8 32. Qf2 Qh8 33. Re1 Bf8 34. Red1 Bg7 35. Kf1 Kh7 36. f5 exf5 37. Bxh5 Kg8 38. Bf3 f6 39. gxf6 Bxf6 40. Qg2 Kg7 41. d5 cxd5 42. Bxd5 Bxd5 43. Rxd5 Rxd5 44. Rxd5 Qe8 45. Rxf5 Qe6 46. Qb7+ Kh6 47. Rf3 Re8 48. Kg2 Qg4+ 49. Kf1 Qxf3+ 50. Qxf3 Kg7 51. c6 Be5 52. c7 Rc8 53. Qb7 Rf8+ 54. Ke2 1-0

[Event "Titled Tuesday intern op 25th Feb Early"]
[Site "Chess.com INT"]
[Date "2025.02.25"]
[Round "5"]
[White "Ajay Santhosh, Parvathareddy"]
[Black "Rabin, Evan Z"]
[Result "1-0"]
[WhiteElo "2245"]
[BlackElo "1945"]
[PlyCount "75"]
[EventDate "2025.02.25"]
[EventType "swiss (blitz)"]
[EventRounds "11"]
[EventCountry "USA"]
[SourceTitle "CB10_2025"]
[SourceDate "2025.03.05"]
[SourceVersion "1"]
[SourceVersionDate "2025.03.05"]
[SourceQuality "1"]

1. d4 Nf6 2. c4 e6 3. g3 c5 4. d5 exd5 5. cxd5 d6 6. Bg2 g6 7. Nf3 Bg7 8. a4 0-0 9. 0-0 Bg4 10. Nc3 Nbd7 11. Bf4 Qe7 12. Nb5 Ne8 13. Nd2 Qxe2 14. f3 Qxd1 15. Raxd1 Bf5 16. Nxd6 Nxd6 17. Bxd6 Rfe8 18. b3 Re2 19. Ne4 Bd4+ 20. Kh1 Rd8 21. Rfe1 Rxe1+ 22. Rxe1 Nf6 23. Be7 Bxe4 24. Bxd8 Bxd5 25. b4 Bc3 26. Rc1 cxb4 27. Rb1 Nd7 28. Be7 Ba2 29. Rd1 b3 30. f4 b2 31. Be4 Nf6 32. Rd8+ Kg7 33. Bf8+ Kh8 34. Bb4+ Kg7 35. Bxc3 b1Q+ 36. Bxb1 Bxb1 37. Rd6 Be4+ 38. Kg1 1-0

[Event "Titled Tuesday intern op 25th Feb Early"]
[Site "Chess.com INT"]
[Date "2025.02.25"]
[Round "7"]
[White "Levitan, Caleb Levi"]
[Black "Ajay Santhosh, Parvathareddy"]
[Result "0-1"]
[WhiteElo "2293"]
[BlackElo "2245"]
[PlyCount "74"]
[EventDate "2025.02.25"]
[EventType "swiss (blitz)"]
[EventRounds "11"]
[EventCountry "USA"]
[SourceTitle "CB10_2025"]
[SourceDate "2025.03.05"]
[SourceVersion "1"]
[SourceVersionDate "2025.03.05"]
[SourceQuality "1"]

1. e4 c5 2. Nf3 d6 3. d4 cxd4 4. Nxd4 Nf6 5. Nc3 a6 6. Bc4 e6 7. Be3 Be7 8. Bb3 b5 9. f3 0-0 10. Qd2 Nbd7 11. g4 Nc5 12. Nc6 Qe8 13. Nxe7+ Qxe7 14. 0-0-0 Ne8 15. h4 Rb8 16. Bf4 a5 17. a3 b4 18. axb4 axb4 19. Na4 Nxb3+ 20. cxb3 e5 21. Bg5 f6 22. Be3 Be6 23. Nb6 Bxb3 24. Qxb4 Qc7+ 25. Qc3 Bxd1 26. Qxc7 Nxc7 27. Rxd1 Rfd8 28. h5 d5 29. exd5 Rd6 30. Nc4 Rxd5 31. Rd2 Rb4 32. b3 Rxb3 33. Rxd5 Nxd5 34. Kd2 Rc3 35. Nb6 Rxe3 36. Nxd5 Rxf3 37. Ke2 Rg3 0-1

[Event "Titled Tuesday intern op 04th Feb Early"]
[Site "Chess.com INT"]
[Date "2025.02.04"]
[Round "8"]
[White "Ajay Santhosh, Parvathareddy"]
[Black "Erzhanov, Arman"]
[Result "1-0"]
[WhiteElo "2245"]
[BlackElo "2132"]
[PlyCount "73"]
[EventDate "2025.02.04"]
[EventType "swiss (blitz)"]
[EventRounds "11"]
[EventCountry "USA"]
[SourceTitle "CB07_2025"]
[SourceDate "2025.02.12"]
[SourceVersion "1"]
[SourceVersionDate "2025.02.12"]
[SourceQuality "1"]

1. d4 d6 2. c4 e5 3. dxe5 dxe5 4. Qxd8+ Kxd8 5. Nf3 f6 6. g3 Be6 7. Bg2 Bxc4 8. Nxe5 fxe5 9. Bxb7 Nc6 10. Bxc6 Rb8 11. Nc3 Bb4 12. Bg5+ Nf6 13. 0-0-0+ Kc8 14. Rd2 Bxc3 15. bxc3 Rd8 16. Rxd8+ Kxd8 17. Rd1+ Kc8 18. Rd2 Rb6 19. Bg2 Ra6 20. Bh3+ Kb7 21. Rb2+ Kc6 22. Bg2+ Kd6 23. Rd2+ Ke6 24. Kb1 Rb6+ 25. Ka1 Nd5 26. Bh3+ Kf7 27. Rc2 Rd6 28. Kb2 Ra6 29. Kb1 Bxa2+ 30. Kc1 Bb3 31. Rb2 Ra1+ 32. Rb1 Ra3 33. Kb2 Ra2+ 34. Kxb3 Rxe2 35. Bg2 Nb6 36. Be3 Ke6 37. Bf3 1-0

[Event "Titled Tuesday intern op 04th Feb Early"]
[Site "Chess.com INT"]
[Date "2025.02.04"]
[Round "9"]
[White "Decuigniere, Tom"]
[Black "Ajay Santhosh, Parvathareddy"]
[Result "1-0"]
[WhiteElo "2375"]
[BlackElo "2245"]
[PlyCount "87"]
[EventDate "2025.02.04"]
[EventType "swiss (blitz)"]
[EventRounds "11"]
[EventCountry "USA"]
[SourceTitle "CB07_2025"]
[SourceDate "2025.02.12"]
[SourceVersion "1"]
[SourceVersionDate "2025.02.12"]
[SourceQuality "1"]

1. e4 c5 2. Nf3 d6 3. d4 cxd4 4. Nxd4 Nf6 5. Nc3 a6 6. Be3 e6 7. a3 Be7 8. g4 d5 9. Bg2 e5 10. g5 Nxe4 11. Nxe4 exd4 12. Qxd4 dxe4 13. Qxg7 Rf8 14. Bxe4 Qa5+ 15. Bd2 Qa4 16. 0-0-0 Be6 17. Rhe1 Nc6 18. f4 0-0-0 19. f5 Rg8 20. Qc3 Rxg5 21. fxe6 Rc5 22. Qh3 Nd4 23. exf7+ Kb8 24. Bc3 Ne2+ 25. Rxe2 Bg5+ 26. Bd2 Bf6 27. Kb1 Rb5 28. Bf4+ Ka7 29. c3 Qxd1+ 30. Ka2 Qb3+ 31. Ka1 Rd1+ 32. Bb1 Qxa3+ 33. bxa3 Rbxb1+ 34. Ka2 Ra1+ 35. Kb3 Rdb1+ 36. Kc4 Bg7 37. Be3+ b6 38. Qd7+ Ka8 39. Qd8+ Kb7 40. Qd7+ Kb8 41. Qe8+ Kb7 42. f8Q b5+ 43. Kc5 Bxf8+ 44. Qxf8 1-0

[Event "Titled Tuesday intern op 04th Feb Early"]
[Site "Chess.com INT"]
[Date "2025.02.04"]
[Round "4"]
[White "Demchenko, Anton"]
[Black "Ajay Santhosh, Parvathareddy"]
[Result "1-0"]
[WhiteElo "2619"]
[BlackElo "2245"]
[PlyCount "79"]
[EventDate "2025.02.04"]
[EventType "swiss (blitz)"]
[EventRounds "11"]
[EventCountry "USA"]
[SourceTitle "CB07_2025"]
[SourceDate "2025.02.12"]
[SourceVersion "1"]
[SourceVersionDate "2025.02.12"]
[SourceQuality "1"]

1. e4 c5 2. Nf3 d6 3. d4 cxd4 4. Nxd4 Nf6 5. Nc3 a6 6. a3 e5 7. Nf5 Bxf5 8. exf5 d5 9. Bg5 d4 10. Ne4 Qb6 11. Bxf6 gxf6 12. Bd3 Nd7 13. 0-0 Nc5 14. Nxc5 Bxc5 15. b4 Be7 16. Qf3 Rc8 17. Rfb1 Rc3 18. Qe2 Qc7 19. a4 0-0 20. a5 Rb8 21. b5 axb5 22. Rxb5 Ra8 23. Qe4 Ra7 24. h4 Rc5 25. Rab1 Rxb5 26. Rxb5 Bd8 27. g3 Qc6 28. Qxc6 bxc6 29. Rb8 Rxa5 30. Rxd8+ Kg7 31. Rc8 c5 32. Kg2 h5 33. Kf3 Kh6 34. Ke4 Kg7 35. Rc7 Ra1 36. Rxc5 Re1+ 37. Kf3 Kf8 38. Rc7 Ke8 39. Be4 Rc1 40. Ke2 1-0

[Event "Titled Tuesday intern op 04th Feb Early"]
[Site "Chess.com INT"]
[Date "2025.02.04"]
[Round "5"]
[White "Grigoriants, Sergey"]
[Black "Ajay Santhosh, Parvathareddy"]
[Result "1-0"]
[WhiteElo "2550"]
[BlackElo "2245"]
[PlyCount "77"]
[EventDate "2025.02.04"]
[EventType "swiss (blitz)"]
[EventRounds "11"]
[EventCountry "USA"]
[SourceTitle "CB07_2025"]
[SourceDate "2025.02.12"]
[SourceVersion "1"]
[SourceVersionDate "2025.02.12"]
[SourceQuality "1"]

1. d4 Nf6 2. c4 e6 3. Nc3 Bb4 4. e3 d5 5. a3 Bxc3+ 6. bxc3 0-0 7. Bd3 dxc4 8. Bxc4 c5 9. Ne2 Qc7 10. Ba2 b6 11. 0-0 Bb7 12. Ng3 e5 13. d5 Ne8 14. e4 Nd6 15. f4 Nd7 16. c4 Rae8 17. f5 f6 18. a4 Ba6 19. Qd3 Rf7 20. Bd2 Nf8 21. h3 Rd7 22. Kh2 Red8 23. Ne2 Rf7 24. g4 g5 25. Ng3 h6 26. Kg2 Nh7 27. Rh1 Kf8 28. h4 Ke7 29. hxg5 Nxg5 30. Rxh6 Rg8 31. Rg6 Rh8 32. Bxg5 fxg5 33. Nh5 Qd7 34. Qg3 Qxa4 35. Qxe5+ Kd8 36. Rxd6+ Kc8 37. Qxh8+ Kb7 38. Qc3 Re7 39. Re6 1-0

[Event "Titled Tuesday intern op 28th Jan Early"]
[Site "Chess.com INT"]
[Date "2025.01.28"]
[Round "2"]
[White "Ajay Santhosh, Parvathareddy"]
[Black "Islam, Khandaker Aminul"]
[Result "1-0"]
[WhiteElo "2292"]
[BlackElo "2169"]
[PlyCount "85"]
[EventDate "2025.01.28"]
[EventType "swiss (blitz)"]
[EventRounds "11"]
[EventCountry "USA"]
[SourceTitle "CB06_2025"]
[SourceDate "2025.02.05"]
[SourceVersion "1"]
[SourceVersionDate "2025.02.05"]
[SourceQuality "1"]

1. d4 Nf6 2. c4 e6 3. g3 Bb4+ 4. Nd2 a5 5. Bg2 0-0 6. Ngf3 d6 7. 0-0 Nc6 8. Qc2 e5 9. d5 Ne7 10. Nb1 Bf5 11. Qd1 h6 12. a3 Bc5 13. Nc3 Ne4 14. Nxe4 Bxe4 15. Bd2 a4 16. Bc3 Ng6 17. Nxe5 Bxg2 18. Nxg6 Bxf1 19. Nxf8 Bh3 20. Nh7 Kxh7 21. Qd3+ Kg8 22. e4 Qe7 23. Re1 Re8 24. Qf3 Qg5 25. Qd1 Bg4 26. Qxa4 Rf8 27. b4 Bb6 28. Qb5 Bf3 29. c5 Qg4 30. cxb6 cxb6 31. Re3 Rc8 32. Qd3 Bd1 33. h3 Qh5 34. g4 Bxg4 35. hxg4 Qh4 36. Rh3 Qg5 37. Qe3 Qxg4+ 38. Rg3 Qd1+ 39. Kg2 g6 40. Qxh6 Rxc3 41. Rxc3 Qg4+ 42. Kh2 Qf4+ 43. Qxf4 1-0

[Event "Titled Tuesday intern op 28th Jan Early"]
[Site "Chess.com INT"]
[Date "2025.01.28"]
[Round "11"]
[White "Marcziter, Dmitrii"]
[Black "Ajay Santhosh, Parvathareddy"]
[Result "0-1"]
[WhiteElo "2223"]
[BlackElo "2292"]
[PlyCount "58"]
[EventDate "2025.01.28"]
[EventType "swiss (blitz)"]
[EventRounds "11"]
[EventCountry "USA"]
[SourceTitle "CB06_2025"]
[SourceDate "2025.02.05"]
[SourceVersion "1"]
[SourceVersionDate "2025.02.05"]
[SourceQuality "1"]

1. d4 Nf6 2. c4 e6 3. a3 c5 4. e3 cxd4 5. exd4 d5 6. Nf3 Nc6 7. Nc3 Be7 8. Bd3 dxc4 9. Bxc4 0-0 10. 0-0 b6 11. Qd3 Bb7 12. Rd1 Rc8 13. Ba2 Qc7 14. Qe2 Rfd8 15. Bg5 h6 16. Bh4 Nh5 17. Nb5 Qd7 18. Ne5 Nxe5 19. dxe5 Nf4 20. Qg4 Qxb5 21. Bxe7 Rxd1+ 22. Rxd1 Qxe5 23. Bd6 Ne2+ 24. Kf1 Qxb2 25. Bb1 Ba6 26. Ke1 Rc1 27. Qa4 Qxb1 28. f3 Bb5 29. Qd4 Nxd4 0-1

[Event "Chennai op 15th"]
[Site "Chennai"]
[Date "2025.01.09"]
[Round "10"]
[White "Ajay Santhosh, Parvathareddy"]
[Black "Kaustuv, Kundu"]
[Result "0-1"]
[WhiteElo "2292"]
[BlackElo "2409"]
[PlyCount "248"]
[EventDate "2025.01.02"]
[EventType "swiss"]
[EventRounds "10"]
[EventCountry "IND"]
[SourceTitle "CB03_2025"]
[SourceDate "2025.01.15"]
[SourceVersion "1"]
[SourceVersionDate "2025.01.15"]
[SourceQuality "1"]

1. d4 Nf6 2. c4 g6 3. Nc3 Bg7 4. e4 d6 5. Be2 0-0 6. Nf3 e5 7. 0-0 Bg4 8. d5 a5 9. Be3 Bxf3 10. Bxf3 Na6 11. a3 Nc5 12. b4 axb4 13. axb4 Rxa1 14. Qxa1 Nb3 15. Qd1 Nd4 16. Bxd4 exd4 17. Qxd4 Nxe4 18. Qxe4 Bxc3 19. g3 Bxb4 20. Rb1 Bc5 21. Rxb7 Bb6 22. c5 Bxc5 23. Rb2 Qf6 24. Ra2 Rb8 25. Kg2 Kg7 26. Re2 Rb3 27. Qf4 Qxf4 28. gxf4 Bb6 29. Be4 f5 30. Bf3 Kf7 31. Rd2 Rc3 32. Be2 Bc5 33. h4 h5 34. Bb5 Rb3 35. Bc6 Rb4 36. Kg3 Bd4 37. Re2 Bf6 38. Re1 Rb3+ 39. f3 Rb8 40. Rc1 Bd4 41. Ba4 Bc5 42. Re1 Bd4 43. Rc1 Rb7 44. Re1 Bf6 45. Bd7 Ra7 46. Bc6 Ra2 47. Bd7 Bd4 48. Kh3 Ra3 49. Kg3 Be3 50. Bc6 Rc3 51. Bb5 Rb3 52. Bd7 Kg7 53. Be8 Rd3 54. Bc6 Kf8 55. Re2 Bd2 56. Re6 Rd4 57. Rxg6 Bxf4+ 58. Kf2 Kf7 59. Re6 Be5 60. Be8+ Kg7 61. Rg6+ Kf8 62. Bc6 Rxh4 63. Rg5 Kf7 64. Rxf5+ Kg6 65. Rf8 Rh2+ 66. Kg1 Rd2 67. f4 Bd4+ 68. Kh1 h4 69. Bd7 Kg7 70. Rf5 Bf6 71. Rh5 Rd4 72. Kg2 Rxf4 73. Bf5 Bd4 74. Rh7+ Kf6 75. Bc8 Ke5 76. Rxc7 Kxd5 77. Bb7+ Ke6 78. Bc8+ Ke5 79. Re7+ Kd5 80. Be6+ Kc6 81. Rf7 Bf6 82. Rh7 Rd4 83. Bd7+ Kb6 84. Kh3 Rd1 85. Rh6 Bd8 86. Rh8 Kc7 87. Rh7 Rd3+ 88. Kg4 Kb6 89. Rh8 Be7 90. Rh7 Re3 91. Rh5 Kc7 92. Bb5 Re4+ 93. Kf5 d5 94. Rh7 Kd6 95. Be8 Re1 96. Rh6+ Kc5 97. Rc6+ Kd4 98. Re6 Rf1+ 99. Kg4 Bf6 100. Bd7 Rg1+ 101. Kh3 Rg3+ 102. Kh2 Be5 103. Kh1 Rg7 104. Bc8 h3 105. Rc6 h2 106. Rc1 Bf4 107. Rd1+ Ke3 108. Ba6 d4 109. Bb5 Rc7 110. Ba6 Ra7 111. Bb5 Ra5 112. Bc4 Kf2 113. Rf1+ Ke3 114. Rd1 Ra7 115. Bb5 Ra2 116. Bc4 Rb2 117. Ba6 Kf2 118. Rf1+ Kg3 119. Be2 Be3 120. Rf8 Bf4 121. Bf1 Rb1 122. Rg8+ Kh4 123. Rh8+ Kg4 124. Kg2 h1Q+ 0-1

[Event "Bhubaneswar Odisha op"]
[Site "Bhubaneswar"]
[Date "2024.12.17"]
[Round "4"]
[White "Rios Gomez, Cristhian Camilo"]
[Black "Ajay Santhosh, Parvathareddy"]
[Result "1/2-1/2"]
[WhiteElo "2448"]
[BlackElo "2299"]
[PlyCount "64"]
[EventDate "2024.12.15"]
[EventType "swiss"]
[EventRounds "10"]
[EventCountry "IND"]
[SourceTitle "CB52_2024"]
[SourceDate "2024.12.25"]
[SourceVersion "1"]
[SourceVersionDate "2024.12.25"]
[SourceQuality "1"]

1. d4 Nf6 2. c4 e6 3. Nf3 d5 4. Nc3 c6 5. g3 Nbd7 6. Bg2 Be7 7. 0-0 dxc4 8. a4 0-0 9. e4 Bb4 10. Qe2 Qa5 11. e5 Nd5 12. Ne4 c5 13. dxc5 b6 14. cxb6 axb6 15. Rd1 Ba6 16. Neg5 h6 17. Qe4 hxg5 18. Nxg5 N5f6 19. exf6 Nxf6 20. Qc2 Rad8 21. Bf4 Rd3 22. Nf3 Rfd8 23. Ne5 Rxd1+ 24. Rxd1 Rxd1+ 25. Qxd1 Nd5 26. Qh5 g6 27. Nxg6 fxg6 28. Qxg6+ Kf8 29. Qxe6 Nxf4 30. gxf4 Qh5 31. Bd5 Kg7 32. Qg8+ Kf6 1/2-1/2

[Event "Wch U18"]
[Site "Florianopolis"]
[Date "2024.11.05"]
[Round "7"]
[White "Ciric, Pavle"]
[Black "Ajay Santhosh, Parvathareddy"]
[Result "1/2-1/2"]
[WhiteElo "2203"]
[BlackElo "2303"]
[PlyCount "47"]
[EventDate "2024.10.29"]
[EventType "swiss"]
[EventRounds "11"]
[EventCountry "BRA"]
[SourceTitle "CB45_2024"]
[Source "ChessBase"]
[SourceDate "2024.11.06"]
[SourceVersion "1"]
[SourceVersionDate "2024.11.06"]
[SourceQuality "1"]

1. Nf3 d5 2. g3 Nd7 3. d4 Nb6 4. Nc3 Bf5 5. Nh4 e6 6. Nxf5 exf5 7. Qd3 g6 8. Bg2 Nf6 9. Bg5 Be7 10. Bxf6 Bxf6 11. e3 0-0 12. 0-0 Rc8 13. Rfd1 c6 14. Ne2 Nc4 15. Rab1 Nd6 16. b3 b5 17. Qd2 h5 18. h4 Kg7 19. Nf4 Rh8 20. Bf3 Qd7 21. Kg2 Bd8 22. Ra1 Qb7 23. a4 Bc7 24. axb5 1/2-1/2

[Event "Wch U18"]
[Site "Florianopolis"]
[Date "2024.10.31"]
[Round "3"]
[White "Ajay Santhosh, Parvathareddy"]
[Black "Timoshin, Maxim"]
[Result "0-1"]
[WhiteElo "2303"]
[BlackElo "2361"]
[PlyCount "76"]
[EventDate "2024.10.29"]
[EventType "swiss"]
[EventRounds "11"]
[EventCountry "BRA"]
[SourceTitle "CB45_2024"]
[Source "ChessBase"]
[SourceDate "2024.11.06"]
[SourceVersion "1"]
[SourceVersionDate "2024.11.06"]
[SourceQuality "1"]

1. e4 c5 2. Nf3 d6 3. d4 cxd4 4. Nxd4 Nf6 5. Nc3 Nc6 6. Bg5 e6 7. Qd2 a6 8. 0-0-0 Bd7 9. Kb1 Be7 10. f3 Nxd4 11. Qxd4 Qc7 12. Qd2 b5 13. h4 b4 14. Ne2 a5 15. c4 Ba4 16. Rc1 0-0 17. g4 Rfd8 18. Nd4 Qb7 19. h5 Nxe4 20. fxe4 Bxg5 21. Qxg5 Qxe4+ 22. Ka1 Qxd4 23. h6 Bc6 24. Rh3 a4 25. Rd3 Qe5 26. Qxg7+ Qxg7 27. hxg7 Kxg7 28. Rcd1 Ra5 29. Rxd6 Rxd6 30. Rxd6 Rc5 31. Rd1 Bf3 32. Rc1 Re5 33. Bh3 h5 34. gxh5 Rxh5 35. Rg1+ Kf6 36. Rg3 Be4 37. b3 a3 38. Bf1 Rh1 0-1

[Event "Commonwealth-ch"]
[Site "Waskaduwa"]
[Date "2024.08.30"]
[Round "3"]
[White "Vaibhav, Suri"]
[Black "Ajay Santhosh, Parvathareddy"]
[Result "1/2-1/2"]
[WhiteElo "2594"]
[BlackElo "2346"]
[PlyCount "61"]
[EventDate "2024.08.28"]
[EventType "swiss"]
[EventRounds "9"]
[EventCountry "SRI"]
[SourceTitle "EXT 2025"]
[Source "ChessBase"]
[SourceDate "2024.10.14"]
[SourceVersion "1"]
[SourceVersionDate "2024.10.14"]
[SourceQuality "1"]

1. e4 c5 2. Nf3 d6 3. d4 cxd4 4. Nxd4 Nf6 5. Nc3 a6 6. Bd3 e5 7. Nde2 Be7 8. 0-0 0-0 9. Ng3 Be6 10. Nd5 Nxd5 11. exd5 Bxd5 12. Bxh7+ Kxh7 13. Qxd5 Nc6 14. Be3 f5 15. f4 g6 16. c3 Qe8 17. Rad1 Qf7 18. fxe5 Qxd5 19. Rxd5 dxe5 20. Bb6 Rf7 21. Ne4 Raf8 22. Nd2 Bd8 23. Be3 Bf6 24. Nc4 Rd8 25. Rfd1 Rxd5 26. Rxd5 Bg7 27. a4 f4 28. Bd2 Rc7 29. b3 g5 30. g3 Ne7 31. Rd8 1/2-1/2

[Event "Abu Dhabi op-A 30th"]
[Site "Abu Dhabi"]
[Date "2024.08.24"]
[Round "9"]
[White "Ajay Santhosh, Parvathareddy"]
[Black "Gemy Vargas, Jose Daniel"]
[Result "1/2-1/2"]
[WhiteElo "2382"]
[BlackElo "2321"]
[PlyCount "68"]
[EventDate "2024.08.15"]
[EventType "swiss"]
[EventRounds "9"]
[EventCountry "UAE"]
[SourceTitle "EXT 2025"]
[Source "ChessBase"]
[SourceDate "2024.10.14"]
[SourceVersion "1"]
[SourceVersionDate "2024.10.14"]
[SourceQuality "1"]

1. d4 Nf6 2. c4 e6 3. Nf3 b6 4. g3 Ba6 5. b3 Bb4+ 6. Bd2 Be7 7. Bg2 0-0 8. Nc3 c6 9. 0-0 d5 10. Ne5 Nfd7 11. Nxd7 Nxd7 12. Re1 Rc8 13. cxd5 cxd5 14. a3 f5 15. b4 Bc4 16. Na4 Nf6 17. Nb2 Ne4 18. Rc1 b5 19. Nd3 Bxd3 20. exd3 Nxd2 21. Rxe6 Rxc1 22. Qxc1 Qd7 23. Re5 Ne4 24. dxe4 fxe4 25. Bh3 Qxh3 26. Rxe7 Qf5 27. Qe3 a6 28. h4 h6 29. Kg2 Qf3+ 30. Qxf3 Rxf3 31. a4 bxa4 32. Rd7 a5 33. b5 Rb3 34. Rxd5 a3 1/2-1/2

[Event "Abu Dhabi op-A 30th"]
[Site "Abu Dhabi"]
[Date "2024.08.16"]
[Round "2"]
[White "Puranik, Abhimanyu Sameer"]
[Black "Ajay Santhosh, Parvathareddy"]
[Result "1/2-1/2"]
[WhiteElo "2649"]
[BlackElo "2382"]
[PlyCount "112"]
[EventDate "2024.08.15"]
[EventType "swiss"]
[EventRounds "9"]
[EventCountry "UAE"]
[SourceTitle "EXT 2025"]
[Source "ChessBase"]
[SourceDate "2024.10.14"]
[SourceVersion "1"]
[SourceVersionDate "2024.10.14"]
[SourceQuality "1"]

1. Nf3 Nf6 2. g3 d5 3. Bg2 Bf5 4. 0-0 e6 5. c4 c6 6. cxd5 exd5 7. d3 Be7 8. Qb3 Qb6 9. Qc2 0-0 10. Nc3 d4 11. Na4 Qd8 12. Nc5 Bg4 13. b4 Nd5 14. a3 Bxc5 15. bxc5 Bxf3 16. Bxf3 Na6 17. Bd2 Qe7 18. Rfc1 Ndc7 19. Qc4 Ne6 20. Bxc6 Rfc8 21. Bf3 Naxc5 22. Rab1 Rab8 23. a4 Qe8 24. Qb5 Qxb5 25. axb5 b6 26. Rc4 Rc7 27. h4 Rbc8 28. Kg2 Nd7 29. Ra4 Ne5 30. Rba1 Rc2 31. R1a2 Nxf3 32. Kxf3 Rxa2 33. Rxa2 Rc7 34. Bf4 Nxf4 35. Kxf4 Re7 36. g4 g6 37. Kf3 Kg7 38. Ra4 Rd7 39. Rc4 Rd5 40. Rc7 Rxb5 41. Rxa7 h5 42. Rd7 hxg4+ 43. Kxg4 Rb2 44. Kf3 Rb4 45. Re7 Kf6 46. Re4 b5 47. Re8 Rb1 48. Re4 Rb4 49. Re8 Rb1 50. Ke4 Rh1 51. Kxd4 Rxh4+ 52. e4 Rh3 53. e5+ Kg7 54. f4 Rh4 55. Ke3 Rh3+ 56. Ke4 Rh4 1/2-1/2

[Event "Budapest FS08 GM"]
[Site "Budapest"]
[Date "2024.08.09"]
[Round "8"]
[White "Berczes, David"]
[Black "Ajay Santhosh, Parvathareddy"]
[Result "1/2-1/2"]
[WhiteElo "2399"]
[BlackElo "2382"]
[PlyCount "20"]
[EventDate "2024.08.03"]
[EventType "tourn"]
[EventRounds "9"]
[EventCountry "HUN"]
[EventCategory "6"]
[SourceTitle "CBM 221 Extra"]
[Source "ChessBase"]
[SourceDate "2024.09.30"]
[SourceVersion "1"]
[SourceVersionDate "2024.09.30"]
[SourceQuality "1"]

1. d4 Nf6 2. Nf3 d5 3. c4 c6 4. cxd5 cxd5 5. Nc3 Nc6 6. Bf4 Nh5 7. Bd2 Nf6 8. Bf4 Nh5 9. Bd2 Nf6 10. Bf4 Nh5 1/2-1/2